| 000 | 00766nam a2200253 4500 | ||
|---|---|---|---|
| 005 | 20220906115222.0 | ||
| 008 | 220906s2020 ii ||||g |||| 00| j ben d | ||
| 020 | _cRs.250.00 | ||
| 040 |
_aNLI _bben _cBengali Division |
||
| 041 | 0 | _aben | |
| 044 | _aii | ||
| 082 | 0 | 4 |
_223rd ed. _aB 891.443 _bK 5561 ga |
| 100 | 1 |
_6880-01 _aকর, অমল _9692780 |
|
| 245 | 1 | 0 |
_6880-02 _aগল্প সমগ্র (১) / _cঅমল কর |
| 260 |
_aহাওড়া : _bসারঙ্গ প্রকাশনী , _c2020 |
||
| 300 |
_a247p.; _c22cm. |
||
| 650 | 0 | _aShort stories, Bengali | |
| 700 | 1 | _6880-03 | |
| 852 | _aBB | ||
| 880 | 1 |
_6100-01 _aKar, Amal |
|
| 880 | 1 |
_6245-02 _aGalpa samagra (1) / _cAmal Kar |
|
| 887 | _aPromitaP | ||
| 942 |
_2ddc _cBKS |
||
| 999 |
_c1551934 _d1551934 |
||